00450nam a2200169Ia 450000500170000000800410001702000220005804100080008008200150008810000180010324500340012126000410015530000090019650000290020565000280023470000180026220251122101314.0230125s9999 xx 000 0 und d a978-81-8495-190-5 aeng a158.1bABD aAbdulrahman K aBook on What Ever You're into c2011bJaico Publishing HouseaMumbai a230p aPersonality Development  aPersonality Development aAbdulrahman K